| 000 | 01170nam0a22002531 4500 | ||
|---|---|---|---|
| 001 | v19\rc\1588293 | ||
| 005 | 20260406210457.0 | ||
| 035 | _a(NLR Aleph) 004713502 | ||
| 090 |
_a4233260 _c4233260 |
||
| 100 | _a20061002d1894 |||y0rusy50 ca | ||
| 101 | 0 | _arus | |
| 102 | _aRU | ||
| 105 | _ay j ||||| | ||
| 200 | 1 |
_aДоклад Совета Благотворительного союза при Братстве св. креста по случаю двадцатипятилетия Учебно-заработного детского дома. 1869-1894 _eОчеред. общ. собр. г.г. чл. Благотвор. союза... 25 марта 1894 г. |
|
| 210 |
_aСаратов _d1894 |
||
| 215 |
_a[1], 27 с. _d23 |
||
| 710 | 0 | 2 |
_aСаратовское православное церковное братство св. Креста _bБлаготворительный союз _3RU\NLR\AUTH\889967350 _9431043 |
| 712 | 0 | 2 | _aСаратовский учеб.-заработный детский дом |
| 801 | 0 |
_aRU _bNLR _gpsbo |
|
| 801 | 0 |
_aRU _bRuMoRGB _2psbo |
|
| 801 | 1 |
_aRU _bProSoft-M _2rusmarc |
|
| 852 |
_aNLR _j63-7/3408 |
||
| 942 | _cBOOK | ||
| 980 | _aNB | ||